Systems analysis and design (Record no. 170211)

000 -LEADER
fixed length control field 00377nam a2200133Ia 4500
008 - FIXED-LENGTH DATA ELEMENTS--GENERAL INFORMATION
fixed length control field 220217s9999||||xx |||||||||||||| ||und||
020 ## - INTERNATIONAL STANDARD BOOK NUMBER
International Standard Book Number 9971-51-391-9
082 ## - DEWEY DECIMAL CLASSIFICATION NUMBER
Classification number 004.22 DEN
100 ## - MAIN ENTRY--PERSONAL NAME
Personal name Dennis, Alan Wixom, Barbara Haley
9 (RLIN) 2890
245 #0 - TITLE STATEMENT
Title Systems analysis and design
260 ## - PUBLICATION, DISTRIBUTION, ETC.
Place of publication, distribution, etc. John wiley
Name of publisher, distributor, etc. New York
Date of publication, distribution, etc. 2002
300 ## - PHYSICAL DESCRIPTION
Other physical details
Linkage .50
650 ## - SUBJECT ADDED ENTRY--TOPICAL TERM
Topical term or geographic name entry element COMPUTER ARCHITECTURE
Holdings
Withdrawn status Lost status Damaged status Not for loan Collection code Home library Current library Shelving location Date acquired Full call number Barcode Date last seen Price effective from Koha item type
        Electronics and Communication Engineering Central Library Central Library Reference 02/18/2022 004.22 DEN 5400 02/18/2022 02/18/2022 Books

Powered by Koha